[Event "Heraklion op 28th"]
[Site "Heraklion"]
[Date "2020.01.07"]
[Round "6"]
[White "Dagkonaki, Aspasia"]
[Black "Tsapaki, Asimenia"]
[Result "1-0"]
[WhiteElo "1391"]
[BlackElo "1402"]
[PlyCount "142"]
[EventDate "2020.01.03"]
[EventType "swiss"]
[EventRounds "9"]
[EventCountry "GRE"]
[SourceTitle "CBM 194 Extra"]
[Source "ChessBase"]
[SourceDate "2020.03.31"]
[SourceVersion "1"]
[SourceVersionDate "2020.03.31"]
[SourceQuality "1"]

1. e4 c5 2. Nf3 Nf6 3. Nc3 d5 4. exd5 Nxd5 5. Nxd5 Qxd5 6. Bb5+ Bd7 7. Bxd7+ Nxd7 8. 0-0 e6 9. d4 Rd8 10. dxc5 Qxd1 11. Rxd1 Bxc5 12. Bf4 Rc8 13. c3 Nb6 14. Be5 0-0 15. Bd4 Bxd4 16. Rxd4 Rc4 17. Rxc4 Nxc4 18. b3 Nb6 19. Rd1 Rc8 20. c4 h6 21. Kf1 a5 22. Rd6 Na8 23. Rd7 b6 24. Ne5 f6 25. Ng6 Kh7 26. Nf4 Nc7 27. Nh5 Ne8 28. Rb7 a4 29. Rxb6 axb3 30. axb3 e5 31. Rb7 Kg6 32. Ng3 Nd6 33. Rb6 Nxc4 34. bxc4 Rxc4 35. Rd6 Ra4 36. Ke2 Rb4 37. Ke3 Ra4 38. Ne4 Kf5 39. Ng3+ Kg6 40. Rd7 Ra3+ 41. Rd3 Ra4 42. Ne4 Rb4 43. Nc3 Rc4 44. Nd5 Ra4 45. Ne7+ Kg5 46. f3 Ra2 47. Rd2 Ra3+ 48. Kf2 Rb3 49. Re2 h5 50. h4+ Kxh4 51. Nf5+ Kg5 52. Nxg7 Rb4 53. Re4 Rxe4 54. fxe4 Kg4 55. Nf5 h4 56. Ke3 Kg5 57. Kf3 Kh5 58. g3 h3 59. g4+ Kg5 60. Kg3 h2 61. Kxh2 Kxg4 62. Kg2 Kf4 63. Nd6 Kg4 64. Kf2 Kf4 65. Ke2 Kg4 66. Kd3 Kg5 67. Kc4 Kf4 68. Kd5 Kg5 69. Ke6 Kg6 70. Ne8 f5 71. exf5+ Kg5 1-0

[Event "Heraklion op 27th"]
[Site "Heraklion"]
[Date "2019.09.09"]
[Round "8"]
[White "Dagkonaki, Aspasia"]
[Black "Westman, Lennart"]
[Result "1/2-1/2"]
[WhiteElo "1413"]
[BlackElo "1700"]
[PlyCount "158"]
[EventDate "2019.09.03"]
[EventType "swiss"]
[EventRounds "9"]
[EventCountry "GRE"]
[SourceTitle "EXT 2020"]
[Source "ChessBase"]
[SourceDate "2019.10.17"]
[SourceVersion "1"]
[SourceVersionDate "2019.10.17"]
[SourceQuality "1"]

1. e4 d6 2. Nf3 Nf6 3. Nc3 Nbd7 4. Bc4 h6 5. d3 e5 6. h3 Be7 7. Be3 0-0 8. 0-0 c6 9. Bb3 Nb6 10. Re1 Be6 11. Ne2 Bxb3 12. axb3 Re8 13. Ng3 Bf8 14. Qc1 Kh7 15. Nf5 Ng8 16. g4 g6 17. Ng3 f6 18. h4 d5 19. g5 Qd7 20. Kg2 d4 21. Bd2 Qf7 22. Rh1 Nd7 23. gxh6 Bxh6 24. h5 g5 25. Nf5 Qf8 26. Rh2 Re6 27. Nxh6 Nxh6 28. Bxg5 Nf7 29. Bd2 a6 30. Kh1 Qc5 31. Nh4 Rg8 32. Nf5 Ree8 33. b4 Qb6 34. Qd1 Ng5 35. Qe2 Qc7 36. Rg1 c5 37. bxc5 Qxc5 38. Bc1 Nf8 39. Rhg2 Nfe6 40. Rg4 Rc8 41. Bxg5 Nxg5 42. Rc1 a5 43. c4 dxc3 44. Rxc3 Qb4 45. Qc2 Rxc3 46. bxc3 Qc5 47. Ne3 Qc8 48. Nd5 Qe6 49. Rg3 Kh8 50. f4 exf4 51. Nxf4 Qc6 52. Ng6+ Kh7 53. Ne7 Qd6 54. Nxg8 Qxg3 55. Nxf6+ Kg7 56. Nd5 Nf3 57. Qg2 Qxg2+ 58. Kxg2 Ne1+ 59. Kg3 Nxd3 60. Nb6 Nc5 61. Kf4 a4 62. Nc4 Ne6+ 63. Ke5 Nc7 64. Na3 Kh6 65. Kd6 Ne8+ 66. Kc5 Kxh5 67. e5 Kg6 68. Kb4 Kf5 69. Nc4 Nc7 70. Kxa4 b5+ 71. Kb4 bxc4 72. Kxc4 Kxe5 73. Kc5 Ne6+ 74. Kc6 Kf6 75. Kd6 Kf5 76. c4 Kf6 77. Kd5 Kf5 78. Kd6 Kf6 79. Kd5 Kf5 1/2-1/2

[Event "GRE-ch U16 Girls"]
[Site "Patras"]
[Date "2019.06.25"]
[Round "1.5"]
[White "Dagkonaki, Aspasia"]
[Black "Liouri, Styliani"]
[Result "1-0"]
[WhiteElo "1442"]
[BlackElo "1197"]
[PlyCount "83"]
[EventDate "2019.06.25"]
[EventType "swiss"]
[EventRounds "7"]
[EventCountry "GRE"]
[SourceTitle "EXT 2020"]
[Source "ChessBase"]
[SourceDate "2019.10.17"]
[SourceVersion "1"]
[SourceVersionDate "2019.10.17"]
[SourceQuality "1"]
[WhiteTeam "Greece"]
[BlackTeam "Greece"]
[WhiteTeamCountry "GRE"]
[BlackTeamCountry "GRE"]

1. b3 d5 2. Bb2 e6 3. e3 Nf6 4. Nf3 Nbd7 5. Be2 Be7 6. 0-0 b6 7. Bb5 Bb7 8. Bxd7+ Qxd7 9. Ne5 Qd8 10. d3 0-0 11. f4 c5 12. Nd2 Rc8 13. Rc1 Qd6 14. g4 b5 15. g5 Nd7 16. Qh5 f6 17. g6 h6 18. Nf7 Rxf7 19. gxf7+ Kf8 20. Rf3 c4 21. Qg6 Ne5 22. fxe5 fxe5 23. Rg3 Bf6 24. Rf1 Qe7 25. bxc4 bxc4 26. Nb1 Qxf7 27. Qxf7+ Kxf7 28. Bxe5 cxd3 29. cxd3 Ba6 30. Bxf6 gxf6 31. Rh3 Bxd3 32. Rd1 Bc2 33. Rc1 Rg8+ 34. Rg3 Rb8 35. Rxc2 Rxb1+ 36. Kf2 Rb7 37. Rg1 e5 38. Rgc1 Ke6 39. Rc7 Rb2+ 40. R1c2 Rxc2+ 41. Rxc2 Kf5 42. Rc7 1-0

[Event "Heraklion op 24th"]
[Site "Heraklion"]
[Date "2018.09.06"]
[Round "5"]
[White "Dagkonaki, Aspasia"]
[Black "Gorantonakis, Georgios"]
[Result "1-0"]
[WhiteElo "1496"]
[BlackElo "1272"]
[PlyCount "49"]
[EventDate "2018.09.03"]
[EventType "swiss"]
[EventRounds "9"]
[EventCountry "GRE"]
[SourceTitle "CBM 186 Extra"]
[Source "ChessBase"]
[SourceDate "2018.08.24"]
[SourceVersion "1"]
[SourceVersionDate "2018.08.24"]
[SourceQuality "1"]

1. e4 e5 2. Nf3 Nc6 3. Bc4 Bc5 4. 0-0 Nf6 5. d3 0-0 6. Bg5 d6 7. h3 Be6 8. Bb3 h6 9. Be3 Bb6 10. c3 Ne7 11. Re1 Ng6 12. Nbd2 Re8 13. Nf1 Qe7 14. Ng3 Rad8 15. Qd2 Qd7 16. Bc2 Bxh3 17. d4 Bg4 18. Nf5 Bxf3 19. gxf3 c5 20. Bxh6 exd4 21. Bxg7 Nh7 22. Qh6 Qe6 23. Bxd4 Qe5 24. Bxe5 Rxe5 25. Qg7# 1-0

[Event "Heraklion op 24th"]
[Site "Heraklion"]
[Date "2018.09.05"]
[Round "4"]
[White "Vitsaxakis, Nikolaos"]
[Black "Dagkonaki, Aspasia"]
[Result "1-0"]
[WhiteElo "1944"]
[BlackElo "1496"]
[PlyCount "145"]
[EventDate "2018.09.03"]
[EventType "swiss"]
[EventRounds "9"]
[EventCountry "GRE"]
[SourceTitle "CBM 186 Extra"]
[Source "ChessBase"]
[SourceDate "2018.08.24"]
[SourceVersion "1"]
[SourceVersionDate "2018.08.24"]
[SourceQuality "1"]

1. Nf3 d5 2. g3 Bf5 3. Bg2 e6 4. 0-0 Nf6 5. d3 h6 6. Nbd2 c6 7. a3 Be7 8. b4 0-0 9. c4 c5 10. bxc5 Bxc5 11. Nb3 Be7 12. cxd5 exd5 13. Nbd4 Bh7 14. Rb1 b6 15. a4 Bc5 16. a5 Nbd7 17. Qa4 Re8 18. Rb2 Ne5 19. Nxe5 Rxe5 20. Nc6 Qe8 21. d4 Re6 22. dxc5 bxc5 23. Be3 Qxc6 24. Qxc6 Rxc6 25. Rc1 c4 26. Bxa7 Be4 27. Bb6 Bxg2 28. Kxg2 Nd7 29. Rb5 Nxb6 30. axb6 Rb8 31. b7 Rc7 32. Rcb1 d4 33. Rc1 c3 34. Rd5 Rc4 35. Rb5 Rc7 36. Rd5 Rc4 37. Rd7 Rb4 38. Rd1 c2 39. Rc1 Rb2 40. Rxd4 R8xb7 41. Rd8+ Kh7 42. Rc8 Rd7 43. R1xc2 Rxc2 44. Rxc2 Rd6 45. e4 f6 46. f4 g5 47. Kf3 gxf4 48. gxf4 Kg6 49. Ke3 Rd1 50. Rd2 Rb1 51. Rd7 Re1+ 52. Kf3 Rf1+ 53. Kg3 Re1 54. f5+ Kh5 55. Re7 Re3+ 56. Kf4 Rh3 57. Rg7 Rh4+ 58. Kf3 Rg4 59. Rf7 Kg5 60. Rxf6 Rf4+ 61. Ke3 Rxe4+ 62. Kxe4 Kxf6 63. Kf4 Kf7 64. Ke5 Ke7 65. f6+ Kf7 66. Kf5 h5 67. h4 Kf8 68. Kg6 Kg8 69. Kxh5 Kf7 70. Kg5 Kf8 71. Kg6 Kg8 72. f7+ Kf8 73. h5 1-0

[Event "GRE-ch U16 Girls"]
[Site "Rio Achaia"]
[Date "2018.07.07"]
[Round "5"]
[White "Dagkonaki, Aspasia"]
[Black "Gkolfinopoulou, Marina"]
[Result "1/2-1/2"]
[WhiteElo "1510"]
[BlackElo "1135"]
[PlyCount "73"]
[EventDate "2018.07.03"]
[EventType "swiss"]
[EventRounds "9"]
[EventCountry "GRE"]
[SourceTitle "EXT 2019"]
[Source "ChessBase"]
[SourceDate "2018.10.10"]
[SourceVersion "1"]
[SourceVersionDate "2018.10.10"]
[SourceQuality "1"]

1. e4 e5 2. Nf3 Nc6 3. Bc4 Bc5 4. c3 Nf6 5. d3 a6 6. 0-0 d6 7. h3 h6 8. Be3 Ba7 9. Bb3 g5 10. Nh2 Qe7 11. Qf3 Bd7 12. Bxa7 Nxa7 13. Ng4 Bxg4 14. hxg4 h5 15. gxh5 Rxh5 16. Bd1 Nc6 17. Qg3 g4 18. f3 0-0-0 19. fxg4 Rg8 20. Qf3 Rh6 21. Qf5+ Nd7 22. Qxf7 Qxf7 23. Rxf7 Nf6 24. Bb3 Nxg4 25. Rxc7+ Kxc7 26. Bxg8 Rg6 27. Bb3 Ne3 28. Kf2 Nxg2 29. Nd2 Nf4 30. Ke3 Rg2 31. Re1 Rg3+ 32. Kf2 Rg2+ 33. Ke3 Rg3+ 34. Kf2 Rg2+ 35. Ke3 Rg3+ 36. Kf2 Rg2+ 37. Ke3 1/2-1/2

[Event "Heraklion op 23rd"]
[Site "Heraklion"]
[Date "2018.04.13"]
[Round "7"]
[White "Dagkonaki, Aspasia"]
[Black "Papidakis, Georgios"]
[Result "1/2-1/2"]
[WhiteElo "1530"]
[BlackElo "1739"]
[PlyCount "97"]
[EventDate "2018.04.09"]
[EventType "swiss"]
[EventRounds "9"]
[EventCountry "GRE"]
[SourceTitle "CBM 184 Extra"]
[Source "ChessBase"]
[SourceDate "2018.06.28"]
[SourceVersion "1"]
[SourceVersionDate "2018.06.28"]
[SourceQuality "1"]

1. e4 c5 2. Nf3 e6 3. d4 cxd4 4. Nxd4 Nc6 5. Nc3 Qc7 6. Be3 a6 7. a3 b5 8. Be2 Bb7 9. 0-0 Nf6 10. Nxc6 Bxc6 11. f3 Bd6 12. h3 Nh5 13. Bf2 Bh2+ 14. Kh1 Bg3 15. f4 Bxf2 16. Bxh5 Bb6 17. e5 Ba5 18. Bf3 Bxc3 19. bxc3 0-0 20. Bxc6 Qxc6 21. Qf3 Rac8 22. Qxc6 Rxc6 23. Rf3 Rfc8 24. a4 Kf8 25. axb5 axb5 26. Ra3 Ke7 27. Rb3 Rc5 28. Rg3 g6 29. Rd3 Ra8 30. Kg1 Ra4 31. g3 h6 32. h4 Ra6 33. Kf2 d6 34. exd6+ Rxd6 35. Ke3 Rdd5 36. Rxd5 Rxd5 37. Rb4 g5 38. fxg5 hxg5 39. h5 g4 40. h6 Rh5 41. Rxg4 Rxh6 42. Rg5 Rh2 43. Rxb5 Rxc2 44. Rc5 Kd6 45. Rc8 Ra2 46. g4 Ra5 47. Kf4 Kd7 48. Rc4 Ke7 49. Rc8 1/2-1/2

[Event "Heraklion op 22nd"]
[Site "Heraklion"]
[Date "2018.01.05"]
[Round "5"]
[White "Kotsinis, Alexandros"]
[Black "Dagkonaki, Aspasia"]
[Result "1-0"]
[WhiteElo "1537"]
[BlackElo "1381"]
[PlyCount "83"]
[EventDate "2018.01.02"]
[EventType "swiss"]
[EventRounds "9"]
[EventCountry "GRE"]
[SourceTitle "EXT 2019"]
[Source "ChessBase"]
[SourceDate "2018.10.10"]
[SourceVersion "1"]
[SourceVersionDate "2018.10.10"]
[SourceQuality "1"]

1. d4 d5 2. c4 e6 3. Nf3 Nf6 4. g3 Be7 5. Bg2 0-0 6. 0-0 c5 7. cxd5 Nxd5 8. Nc3 cxd4 9. Nxd5 Qxd5 10. Nxd4 Qd7 11. Be3 e5 12. Nb3 Nc6 13. Rc1 Rd8 14. Bxc6 Qxd1 15. Rfxd1 Rxd1+ 16. Rxd1 bxc6 17. Na5 c5 18. Nc6 Bf8 19. Nxe5 Be6 20. b3 a5 21. Nd7 c4 22. bxc4 Bxc4 23. Nb6 Bxe2 24. Rd2 Re8 25. Rxe2 Bc5 26. Rc2 Bxe3 27. fxe3 g6 28. Rc8 Kf8 29. Rxe8+ Kxe8 30. Nc4 a4 31. Nb6 a3 32. Nc4 Kd7 33. Nxa3 Kc6 34. Kf2 Kc5 35. Nc2 f5 36. Kf3 g5 37. Nd4 f4 38. gxf4 gxf4 39. Kxf4 Kb4 40. e4 Ka3 41. e5 Kxa2 42. e6 1-0

[Event "GRE-ch U14 Girls"]
[Site "Porto Rio"]
[Date "2016.07.02"]
[Round "5"]
[White "Bastianou, Chrysoula"]
[Black "Dagkonaki, Aspasia"]
[Result "1/2-1/2"]
[WhiteElo "1486"]
[BlackElo "1378"]
[PlyCount "42"]
[EventDate "2016.06.28"]
[EventType "swiss"]
[EventRounds "7"]
[EventCountry "GRE"]
[SourceTitle "CBM 173 Extra"]
[Source "ChessBase"]
[SourceDate "2016.08.29"]
[SourceVersion "1"]
[SourceVersionDate "2016.08.29"]
[SourceQuality "1"]

1. d4 d5 2. c4 e6 3. Nc3 Nf6 4. Bg5 Be7 5. e3 h6 6. Bh4 0-0 7. Nf3 Ne4 8. Bxe7 Qxe7 9. Qc2 Nxc3 10. Qxc3 c6 11. Be2 dxc4 12. Bxc4 b6 13. 0-0 Bb7 14. Be2 Rc8 15. Rac1 c5 16. Qa3 Nd7 17. Rfd1 Qe8 18. h3 Bd5 19. b3 Rc7 20. dxc5 Rxc5 21. Rxc5 Nxc5 1/2-1/2

[Event "GRE-ch U12 Girls"]
[Site "Rio Achaia"]
[Date "2015.06.29"]
[Round "5.9"]
[White "Kokona, Iliana"]
[Black "Dagkonaki, Aspasia"]
[Result "1-0"]
[WhiteElo "1145"]
[BlackElo "1182"]
[PlyCount "137"]
[EventDate "2015.06.26"]
[EventType "swiss"]
[EventRounds "9"]
[EventCountry "GRE"]
[SourceTitle "EXT 2024"]
[Source "ChessBase"]
[SourceDate "2023.10.10"]
[SourceVersion "1"]
[SourceVersionDate "2023.10.10"]
[SourceQuality "1"]

1. d4 d5 2. Nf3 Nf6 3. Bf4 Nc6 4. e3 a6 5. Bd3 Bg4 6. Nbd2 e6 7. h3 Bh5 8. 0-0 Bd6 9. Bxd6 Qxd6 10. c3 e5 11. dxe5 Nxe5 12. Be2 Nxf3+ 13. Nxf3 0-0-0 14. a4 Ne4 15. Qd3 Nc5 16. Qf5+ Qd7 17. Qxh5 Nxa4 18. Ne5 g6 19. Qh4 Qe6 20. Qf4 f6 21. Qxa4 Qxe5 22. Rfc1 Rhe8 23. Ra3 Re6 24. Rb3 Rdd6 25. Rd1 Rb6 26. Rxb6 Rxb6 27. Qa2 Qe6 28. Rxd5 Rd6 29. Bc4 Rxd5 30. Bxd5 Qd6 31. Qc4 c6 32. Be6+ Kb8 33. Qf4 Qxf4 34. exf4 Kc7 35. Kf1 Kd6 36. Bg8 h6 37. Ke2 g5 38. fxg5 hxg5 39. Kf3 Ke5 40. Kg3 Ke4 41. h4 gxh4+ 42. Kxh4 Kd3 43. Bh7+ Kd2 44. g4 Kc1 45. f4 Kxb2 46. g5 fxg5+ 47. fxg5 a5 48. g6 a4 49. g7 a3 50. g8Q a2 51. Qg2+ Ka3 52. Qf1 Kb2 53. Qe2+ Ka3 54. Qd1 Kb2 55. Qc2+ Ka3 56. Qc1+ Ka4 57. Qb2 Ka5 58. Qxa2+ Kb6 59. Qb3+ Kc7 60. Bf5 b5 61. Qb4 Kb7 62. Qc5 Kc7 63. Be4 Kd7 64. Qxc6+ Ke7 65. Bf5 Kf7 66. Kg5 Kf8 67. Qd7 Kg8 68. Qe7 Kh8 69. Qh7# 1-0